The rise of Catherine the Great.

A quick-witted and compelling dramatization of the troubled marriage of Catherine II (played by German actress Elisabeth Bergner, in her English-language debut) to Peter III (a randy Douglas Fairbanks Jr.) and her subsequent ascension to the throne as Empress of Russia. With its luxurious renderings...

Full description

Bibliographic Details
Corporate Author: Kanopy (Firm)
Other Authors: Bergner, Elisabeth, 1897-1986 (Actor), Fairbanks, Douglas, 1883-1939 (Actor)
Format: Video
Language:English
Published: [San Francisco, California, USA] : Kanopy Streaming, 2014.
Subjects:
Online Access:Connect to this streaming video

MARC

Tag First Indicator Second Indicator Subfields
LEADER 00000cgm a2200000 i 4500
001 in00003585113
006 m o c
007 vz uzazuu
007 cr una---unuuu
008 140717p20141934cau093 o vleng d
005 20260324162651.3
028 5 2 |a 1113203  |b Kanopy 
035 |a (OCoLC)897772502 
035 |a (CaSfKAN)kan1113203 
040 |a UtOrBLW  |b eng  |e rda  |c UtOrBLW 
245 0 4 |a The rise of Catherine the Great. 
264 1 |a [San Francisco, California, USA] :  |b Kanopy Streaming,  |c 2014. 
300 |a 1 online resource (1 video file, approximately 95 minutes) :  |b digital, .flv file, sound 
336 |a two-dimensional moving image  |b tdi  |2 rdacontent 
337 |a computer  |b c  |2 rdamedia 
338 |a online resource  |b cr  |2 rdacarrier 
344 |a digital 
347 |a video file  |b MPEG-4  |b Flash 
500 |a Title from title frames. 
518 |a Originally produced by Criterion Collection/Janus Films in 1934. 
520 |a A quick-witted and compelling dramatization of the troubled marriage of Catherine II (played by German actress Elisabeth Bergner, in her English-language debut) to Peter III (a randy Douglas Fairbanks Jr.) and her subsequent ascension to the throne as Empress of Russia. With its luxurious renderings of the eighteenth-century St. Petersburg royal court and its nearly screwball evocation of Catherine and Peter's teasing relationship, The rise of Catherine the Great was a wise and worthy follow-up to Henry VIII. 
538 |a Mode of access: World Wide Web. 
600 0 0 |a Catherine  |b II,  |c Empress of Russia,  |d 1729-1796  |v Drama. 
655 7 |a Internet videos.  |2 lcgft 
655 7 |a Nonfiction films.  |2 lcgft 
655 7 |a Feature films.  |2 lcgft 
700 1 |a Bergner, Elisabeth,  |d 1897-1986,  |e actor. 
700 1 |a Fairbanks, Douglas,  |d 1883-1939,  |e actor. 
710 2 |a Kanopy (Firm) 
856 4 0 |u http://proxy.library.tamu.edu/login?url=https://texasam.kanopystreaming.com/node/113204  |z Connect to this streaming video  |t 0 
999 f f |s 04a47bd4-c2c9-3312-b33b-ef855715a289  |i 02bd00d9-414e-3e79-9e66-920d899a6b05  |t 0 
952 f f |a Texas A&M University  |b College Station  |c Electronic Resources  |s www_evans  |d Available Online  |t 0  |h No information provided 
998 f f |t 0  |l Available Online